000
00291nam a22000977a 4500
005
20250901165257.0
008
210303b ||||| |||| 00| 0 eng d
050
_a
QC173 .
245
_a
Introduction to atomic and nuclear physics
_c
RUSK, ROGERS D.
942
_2
lcc
_h
QC173 .R87 1958
999
_c
1442
_d
1442